| 000 | 00482nam a2200193Ia 4500 | ||
|---|---|---|---|
| 008 | 210210b2009 xxu||||| |||| 00| 0 eng d | ||
| 020 | _a9780195668117 | ||
| 041 | _aeng | ||
| 082 | _a820.43 GUHR | ||
| 100 | _aGUHA (Ramachandra) | ||
| 245 | _aRamachandra Guha omnibus | ||
| 260 |
_aNew Delhi _bOxford University Press _c2009 |
||
| 300 | _axxxviii,803 | ||
| 650 | _aRamachandra | ||
| 650 | _aomnibus | ||
| 650 | _aGuha | ||
| 690 | _aIndian English Prose | ||
| 906 | _a066443 | ||
| 999 |
_c147680 _d147680 |
||